Odgadnij flagę tylko po odcieniu czerwonego - Statystyki

Ogólne statystyki
  • Ten quiz został rozwiązany 133 razy
  • Średni wynik to 2 z 10
Statystyki odpowiedzi
Kolor Państwo % Poprawnych
9E3039 Łotwa
73%
EE1C25 Chiny
45%
C1272D Maroko
24%
B22234 Stany Zjednoczone
17%
E30A17 Turcja
16%
D91023 Peru
13%
DE0000 Niemcy
10%
CC092F Angola
5%
C81010 Kiribati
5%
DA121A Panama
5%
Nie znaleziono quizów pasujących do podanych kryteriów
Rozkład punktacji
Procent ludzi z każdym wynikiem
Percentyl według liczby udzielonych odpowiedzi
Twoja historia wyników
Nie rozwiązałeś tego quizu